Novak Djokovic - Route to the 2023 US Open Trophy - Statistics

General Stats
  • This quiz has been taken 33 times
  • The average score is 5 of 7
Answer Stats
Round Result Country Opponent % Correct
F 3:0 (6:3,7:6,6:3) Russia Daniil Medvedev
100%
QF 3:0 (6:1,6:4,6:4) USA Taylor Fritz
94%
SF 3:0 (6:3,6:2,7:6) USA Ben Shelton
90%
R32 3:2 (4:6,4:6,6:1,6:1,6:3) Serbia Laslo Đere
77%
R16 3:0 (6:2,7:5,6:4) Croatia Borna Gojo
55%
R128 3:0 (6:0,6:2,6:3) France Alexandre Muller
52%
R64 3:0 (6:4,6:1,6:1) Spain Bernabe Zapata Miralles
45%
No matching quizzes found
Score Distribution
Percent of People with Each Score
Percentile by Number Answered
Your Score History
You have not taken this quiz